000 00643nam a2200181 4500
999 _c163378
_d163378
005 20190411170407.0
010 _aENG-124988
020 _a9789387871441
_c130.00
035 _aEN-108520
037 _bDBAD/PUB
082 _a004.6
100 _aRao, M. Sreenivasa
245 _aA novel flipcryp security methodology for a cyber physical system/
_cby M. Sreenivasa Rao
260 _aTamil Nadu
_bShanlax Publications
_c2018
270 _a61,66 T.P.K. Main Road, Vasantha Nagar
_bMadurai
_e625003
_k0452-4208765, 7639303383
_mpublishers@shanlaxpublications.com
300 _a44p.
_c22cm(Pbk)
942 _2ddc
_cEN
_h004.6
_kSRE